000 00709nam a2200253Ia 4500
003 0100
008 130307s9999 xx 000 0 und d
040 _cARRUPELIB
050 _aB995.L654C88 1999 C.2
100 _aCronin, Brian
245 _aFoundations of philosophy
245 _bLonergan's cognitional theory and Epistemology
260 _aNairobi
260 _bConsolata Institute of philosophy
260 _c1999
300 _a360p.
300 _b23cm
440 _aGuide to philosophy series; No. 10
650 _aPHILOSOPHY
650 _bSamkange family
650 _cMethodist Church - Zimbabwe - History
650 _dZimbabwe - Politics and government - 1890-1965
942 0 0 _06
999 _c100313
_d100313